Trade liberalization and Indian agriculture (Record no. 7909)
[ view plain ]
| 000 -LEADER | |
|---|---|
| fixed length control field | 00501nam a2200181Ia 4500 |
| 020 ## - INTERNATIONAL STANDARD BOOK NUMBER | |
| ISBN | 9788131603932 |
| 082 ## - DEWEY DECIMAL CLASSIFICATION NUMBER | |
| Classification number | 338.10954 BAT-T |
| 100 ## - MAIN ENTRY--AUTHOR NAME | |
| Personal name | Bathla, Seema |
| 245 #0 - TITLE STATEMENT | |
| Title | Trade liberalization and Indian agriculture |
| 260 ## - PUBLICATION, DISTRIBUTION, ETC. (IMPRINT) | |
| Place of publication | Jaipur |
| Name of publisher | Rawat Publications |
| Year of publication | 2011 |
| 300 ## - PHYSICAL DESCRIPTION | |
| Number of Pages | xxi, 282 |
| 504 ## - BIBLIOGRAPHY, ETC. NOTE | |
| Bibliography, etc | includes bibliography and index |
| 650 ## - SUBJECT ADDED ENTRY--TOPICAL TERM | |
| Topical Term | Free trade |
| 650 ## - SUBJECT ADDED ENTRY--TOPICAL TERM | |
| Topical Term | Agriculture |
| Form subdivision | India |
| 650 ## - SUBJECT ADDED ENTRY--TOPICAL TERM | |
| Topical Term | Agriculture |
| Form subdivision | Economic aspects |
| -- | India |
| 650 ## - SUBJECT ADDED ENTRY--TOPICAL TERM | |
| Topical Term | Trade regulation |
| Form subdivision | India |
| 942 ## - ADDED ENTRY ELEMENTS (KOHA) | |
| Koha item type | Books |
| Withdrawn status | Lost status | Damaged status | Not for loan | Home library | Current library | Date acquired | Source of acquisition | Bill Date | Full call number | Accession Number | Price effective from | Koha item type |
|---|---|---|---|---|---|---|---|---|---|---|---|---|
| NASSDOC Library | NASSDOC Library | 28/05/2012 | Gifted by : Sales Unit, ICSSR | 2012-05-02 | 338.10954 BAT-T | 47673 | 18/04/2019 | Books | ||||
| NASSDOC Library | NASSDOC Library | 28/05/2012 | Gifted by : Sales Unit, ICSSR | 2012-05-02 | 338.10954 BAT-T | 47674 | 18/04/2019 | Books |
